1920 Summer Olympics Sports Quiz - Statistics

General Stats
  • This quiz has been taken 29 times
    27 since last reset
  • The average score is 17 of 30
Answer Stats
Answer % Correct
Swimming
96%
Athletics
88%
Tennis
88%
Football (Soccer)
84%
Artistic Gymnastics
80%
Freestyle Wrestling
80%
Greco-Roman Wrestling
80%
Archery
68%
Boxing
68%
Diving
68%
Road Cycling
68%
Track Cycling
68%
Fencing
64%
Shooting
60%
Rowing
56%
Weightlifting
56%
Equestrian Dressage
52%
Equestrian Eventing
52%
Equestrian Show Jumping
52%
Equestrian Vaulting
52%
Ice Hockey
48%
Field Hockey
44%
Rugby Union
40%
Sailing
40%
Water Polo
40%
Polo
36%
Tug of War
36%
Figure Skating
20%
Modern Pentathlon
20%
Korfball
12%
No matching quizzes found
Score Distribution
Percent of People with Each Score
Percentile by Number Answered
Your Score History
You have not taken this quiz since the last reset